Parasitic fauna of reservoir fishes of the USSR and its evolution

Main Author: Izyumova, N. A.
Published: Rotterdam: A.A. Balkema, 1988.
Series:Russian translation series; 61
Subjects:
LEADER 00922cam a2200229 7i4500
001 0000005699
005 20161017090000.0
020 0 0 |a 9061919061  
090 0 0 |a SH 175   |b .I9 1988 
100 1 0 |a Izyumova, N. A.   |q (Nina Alekseevna)  
245 1 0 |a Parasitic fauna of reservoir fishes of the USSR and its evolution   |c N.A. Izyumova. 
260 0 0 |a Rotterdam:   |b A.A. Balkema,   |c 1988. 
300 # # |a 325 p.;   |c 25 cm.. 
490 0 0 |a Russian translation series;   |v 61 
650 0 0 |a Parasites --   |x Evolution --   |z Soviet Union  
650 0 0 |a Freshwater fishes --   |x Parasites --   |z Soviet Union  
650 0 0 |a Fishes --   |x Parasites --   |z Soviet Union  
999 |a 1000381431  |b Book  |c Open Shelf  |e KOLEKSI TERBUKA 
999 |a 1000236002  |b Book  |c Open Shelf  |e KOLEKSI TERBUKA 
999 |a 1000236001  |b Book  |c Open Shelf  |e KOLEKSI TERBUKA 
999 |a 1000236000  |b Book  |c Open Shelf  |e KOLEKSI TERBUKA 
999 |a 1000235999  |b Book  |c Open Shelf  |e KOLEKSI TERBUKA